| 000 | 00720nam a22001697a 4500 | ||
|---|---|---|---|
| 008 | 110816t1986 xxu||||g |||| 000 0 ara d | ||
| 082 |
_222 _a301.20953 _bص ا ب |
||
| 100 |
_926751 _aصابر،محيى الدين |
||
| 245 |
_aقراءات فى واقع الثقافة العربية / _cمحيى الدين صابر |
||
| 260 |
_aبيروت: _bدار الرائد العربى ،1986. _c1986. |
||
| 300 |
_a359ص، _c24سم. |
||
| 650 |
_913400 _aالثقافة العربية |
||
| 650 |
_98792 _aالحضارة العربية |
||
| 653 |
_bGeneral _cAugust2011 |
||
| 942 |
_2ddc _cBB |
||
| 999 |
_c15853 _d15853 |
||